| 000 | 00562nam a22001937a 4500 | ||
|---|---|---|---|
| 999 |
_c1956 _d1956 |
||
| 001 | 3091 | ||
| 003 | BD-DhUAP | ||
| 005 | 20200218122024.0 | ||
| 008 | 200218s2000 bg a|||| |||| 00| 0 eng d | ||
| 040 |
_aBD-DhUAP _bEng _cBD-DhUAP _dBD-DhUAP |
||
| 082 |
_223 _a363.34 BAN |
||
| 245 |
_aBangladesh : _bdisaster report 1999. |
||
| 260 |
_aDhaka : _bDisaster Forum Bangladesh, _c2000. |
||
| 300 |
_a213 pages : _billustrations ; _c25 cm. |
||
| 650 |
_aNatural disasters _zBangladesh. |
||
| 650 | _aPeriodicals. | ||
| 710 | _aDisaster Forum Bangladesh. | ||
| 942 |
_2ddc _cBK |
||